Análisis e interpretación de los resultados de la evaluación educativa

I tiakina i:
Ngā taipitopito rārangi puna kōrero
Kaituhi matua: Livas González, Irene (autora)
Hōputu: Pukapuka
Reo:Pāniora
I whakaputaina: Ciudad de México Trillas 1977
Rangatū:Cursos básicos para formación de profesores. Area de sistematización de la enseñanza, 7
Ngā marau:
Ngā Tūtohu: Tāpirihia he Tūtohu
Kāore He Tūtohu, Me noho koe te mea tuatahi ki te tūtohu i tēnei pūkete!

MARC

LEADER 00000nam a2200000 a 4500
001 UCZ0722
003 CL-VaPUC
008 950809e19770000MX |||||||||||||||||spa|d
082 0 4 |a 371.262  |b LIV  |2 21 
100 |a Livas González, Irene  |e autora  |9 343902 
245 1 0 |a Análisis e interpretación de los resultados de la evaluación educativa 
300 |a 151 p 
942 |c BK 
945 |d 19950809 00:00:00  |a cmena 
260 |a Ciudad de México  |b Trillas  |c 1977 
650 0 |a Evaluación de la educación   |9 237505 
650 0 |a Investigación educacional   |9 261192 
650 0 |a Análisis de datos  |9 269871 
650 7 |a MUESTREO DE DATOS  |2 CL-VaPUC  |9 335048 
650 0 |a Metodología   |9 256610 
650 7 |a MANEJO DE DATOS  |2 CL-VaPUC  |9 338207 
650 0 |a Enseñanza  |9 256457 
650 0 |a Aprendizaje   |9 254827 
583 |a last modification  |c 19950809 00:00:00  |k Rodrigo Vera 
490 0 |a Cursos básicos para formación de profesores. Area de sistematización de la enseñanza, 7 
999 |c 237631  |d 237629 
952 |0 0  |1 0  |4 0  |6 371_262000000000000_LIV_1977  |7 0  |8 P  |9 247070  |a BIBEDU  |b BIBEDU  |c BIBEDU_PB  |d 2019-11-18  |i 155252K  |o 371.262 LIV 1977  |p 155252K  |r 2024-01-25  |w 2019-11-18  |y BK  |k EDU